[Event "Vlissingen HZ op 23rd"]
[Site "Vlissingen"]
[Date "2019.08.04"]
[Round "3"]
[White "De Zwart, Johan"]
[Black "Moors, Marc"]
[Result "1/2-1/2"]
[WhiteElo "1989"]
[BlackElo "1829"]
[PlyCount "46"]
[EventDate "2019.08.03"]
[EventType "swiss"]
[EventRounds "9"]
[EventCountry "NED"]
[SourceTitle "CBM 191 Extra"]
[Source "ChessBase"]
[SourceDate "2019.09.30"]
[SourceVersion "1"]
[SourceVersionDate "2019.09.30"]
[SourceQuality "1"]

1. e4 d5 2. exd5 Qxd5 3. Nc3 Qd6 4. d4 Nf6 5. Nf3 c6 6. g3 Bg4 7. Bg2 e6 8. h3 Bxf3 9. Bxf3 Nbd7 10. 0-0 Qc7 11. Bf4 Bd6 12. Bxd6 Qxd6 13. Ne4 Nxe4 14. Bxe4 Nf6 15. Bg2 0-0 16. c3 e5 17. dxe5 Qxe5 18. Re1 Qc7 19. Qc2 Rfe8 20. Rad1 Re7 21. Rxe7 Qxe7 22. Qd3 Re8 23. Bf3 Qe6 1/2-1/2

[Event "Bad Woerishofen op 28th"]
[Site "Bad Woerishofen"]
[Date "2012.03.04"]
[Round "3"]
[White "Moors, Marc"]
[Black "Jameson, David"]
[Result "0-1"]
[WhiteElo "1879"]
[BlackElo "2076"]
[PlyCount "56"]
[EventDate "2012.03.02"]
[EventType "swiss"]
[EventRounds "9"]
[EventCountry "GER"]
[SourceTitle "EXT 2019"]
[Source "ChessBase"]
[SourceDate "2018.10.10"]
[SourceVersion "1"]
[SourceVersionDate "2018.10.10"]
[SourceQuality "1"]

1. d4 Nf6 2. Nf3 e6 3. e3 c5 4. Bd3 Nc6 5. c3 d5 6. Nbd2 Be7 7. 0-0 0-0 8. dxc5 Bxc5 9. e4 h6 10. Be2 Qc7 11. Qc2 Re8 12. Qb1 dxe4 13. Nxe4 Nxe4 14. Qxe4 Bd6 15. Rd1 e5 16. Nd4 Nxd4 17. cxd4 f5 18. Qh4 e4 19. Re1 b6 20. Bd2 Bb7 21. Rec1 Qe7 22. Qxe7 Rxe7 23. g3 Rd7 24. Kg2 Rf8 25. Bf4 Rf6 26. Be3 g5 27. Bd2 f4 28. Re1 e3+ 0-1

[Event "Brasschaat op 03rd"]
[Site "Brasschaat"]
[Date "2003.08.24"]
[Round "2"]
[White "Moors, Marc"]
[Black "Dutreeuw, Marc"]
[Result "0-1"]
[WhiteElo "2022"]
[BlackElo "2383"]
[PlyCount "46"]
[EventDate "2003.08.24"]
[EventType "swiss"]
[EventRounds "9"]
[EventCountry "BEL"]
[SourceTitle "EXT 2017"]
[Source "ChessBase"]
[SourceDate "2016.10.25"]
[SourceVersion "1"]
[SourceVersionDate "2016.10.25"]
[SourceQuality "1"]

1. d4 Nf6 2. Nf3 e6 3. e3 d6 4. Be2 g6 5. c4 Bg7 6. Nc3 0-0 7. 0-0 a6 8. b4 b6 9. a4 Bb7 10. Qc2 c5 11. bxc5 bxc5 12. Rb1 Qc7 13. dxc5 dxc5 14. Rd1 Nbd7 15. e4 Ng4 16. Bb2 Bd4 17. Rf1 Nde5 18. g3 Nxf3+ 19. Bxf3 Ne5 20. Be2 f5 21. Bd3 Rad8 22. Rbd1 Nxd3 23. Rxd3 fxe4 0-1